[Event "GMA-Open"]
[Site "Belgrade"]
[Date "1988.??.??"]
[Round "?"]
[White "Murrey, Jacob"]
[Black "Klinger, Josef"]
[Result "0-1"]
[WhiteElo "2545"]
[BlackElo "2475"]

1.c4 c6 2.Nf3 d5 3.e3 Nf6 4.Nc3 e6 5.a3 Bd6 6.b4 O-O 7.Bb2 dxc4 8.Bxc4 e5
9.Qc2 Qe7 10.Ne4 Bf5 11.d3 Nxe4 12.dxe4 Bg6 13.g3 Nd7 14.Nh4 b5 15.Bb3 Rfc8
16.O-O c5 17.bxc5 Nxc5 18.Bd5 Na4 19.Qb3 Rab8 20.Rfc1 Rxc1+ 21.Bxc1 a6 22.Ra2 Rc8
23.Rc2 Rc5 24.Bd2 Qc7 25.Rxc5 Nxc5 26.Qb1 Bh5 27.f3 Na4 28.g4 Bg6 29.Qb3 Qe7
30.Nxg6 hxg6 31.Bc1 Qc7 32.Bd2 g5 33.Kf2 Nc5 34.Qb1 g6 35.Ke2 Kg7 36.Qb4 Qd8
37.Qa5 Qh8 38.Kd1 Qxh2 39.Qd8 Bf8 40.Qc7 Qh1+ 41.Kc2 Qxf3 42.Qxe5+ Qf6 43.Bc3 Qxe5
44.Bxe5+ f6 45.Bc3 Be7 46.Bb4 Kf8 47.Kc3 Ke8 48.Kd4 Nd7 49.Bb7 Bxb4 50.axb4 Ne5
51.Bxa6 Nxg4 52.Bxb5+ Kd8 53.Kd3 Nf2+ 54.Kd4 Ng4 55.Kd3 Ke7 56.Ke2 Ne5 57.Kf2 Nf7
58.Kg3 Nd6 59.Bd3 Nf7 60.Bc4 Ne5 61.Be2 Kd6 62.Bb5 Ke6 63.Kf2 Ke7 64.Kg2 Kd8
65.Kf2 Kc7 66.Kg3 Kd6 67.Be8 Nd3 68.b5 Kc5 69.Kg4 Ne5+ 70.Kg3 Nc4 71.Kf3 Nd2+
72.Kg4 Nc4 73.Kg3 Ne5 74.Kg2 Kb6 75.Kg3 Kc7 76.b6+ Kxb6 77.Kf2 Ka5 78.Ke2 Kb4
79.Kd2 g4 80.Ke2 g3 81.Kf1 Kc3 82.Kg2 Kd3 83.Kxg3 Kxe3 84.Ba4 Kxe4 85.Bc2+ Ke3
86.Bb3 f5 87.Be6 Ke4 88.Bb3 Nc6 89.Bf7 g5 90.Be8 Nd4 91.Bd7 Ke5 92.Bc8 Ne6
93.Bd7 Nc5 94.Bc8 Ne4+ 95.Kf3 g4+ 96.Ke3 f4+ 97.Ke2 Ng3+ 98.Kf2 Nf5 99.Bb7 Kf6
100.Bc6 Kg5 101.Be4 Nh4 102.Bb7 f3 103.Ke3 Nf5+  0-1

[Event "GMA-Open"]
[Site "Belgrade"]
[Date "1988.??.??"]
[Round "?"]
[White "Tosic, Miroslav"]
[Black "Van der Wiel, John TH"]
[Result "0-1"]
[WhiteElo "2405"]
[BlackElo "2540"]

1.c4 c6 2.Nf3 d5 3.e3 Nf6 4.b3 Bg4 5.Bb2 Nbd7 6.Be2 e6 7.O-O Bd6 8.d4 Qb8
9.Nbd2 O-O 10.h3 Bf5 11.Nh4 Be4 12.Nxe4 Nxe4 13.Bd3 f5 14.Nf3 a5 15.a4 Qe8
16.Ne5 Nxe5 17.dxe5 Bb4 18.Qc2 Qe7 19.Rfd1 Qh4 20.Rac1 Rae8 21.f3 Qg3 22.Bf1 Ng5
23.Kh1 Nf7 24.cxd5 exd5 25.Qxf5 Nxe5 26.Qh5 g6 27.Qh6 Rf5 28.e4 Rh5 29.Qe3 Ng4
30.fxg4 Qxe3 31.gxh5 Qxb3 32.Ba1 Rxe4 33.hxg6 hxg6 34.Rd3 Qa2 35.Rg3 Qf2
36.Rxg6+ Kh7 37.Rg7+ Kh6 38.Rxb7 Bc5 39.Bg7+ Kg5  0-1

[Event "GMA-Open"]
[Site "Belgrade"]
[Date "1988.??.??"]
[Round "?"]
[White "Plaskett, Jim"]
[Black "Smagin, Sergey"]
[Result "0-1"]
[WhiteElo "2450"]
[BlackElo "2550"]

1.c4 c6 2.e4 d5 3.exd5 cxd5 4.d4 Nf6 5.Nc3 e6 6.Nf3 Bb4 7.cxd5 Nxd5 8.Qc2 Nc6
9.Bd3 Ba5 10.O-O Ndb4 11.Qe2 Nxd3 12.Qxd3 h6 13.Rd1 O-O 14.Qe4 Bxc3 15.bxc3 Qd5
16.Qd3 Rd8 17.Rb1 Qxa2 18.Bf4 Qa3 19.Re1 b6 20.Ne5 Nxe5 21.Bxe5 Bb7 22.Re3 Qf8
23.Rbe1 f6 24.Bg3 e5 25.Qg6 e4 26.f3 f5 27.fxe4 Bxe4 28.Rf1 Qe8 29.Qxe8+ Rxe8
30.c4 Rac8 31.Ra3 Rxc4 32.Rxa7 Rxd4 33.Rc1 Bd5 34.Rcc7 Rg4 35.Rd7 Be4 36.Re7 Rc8
37.Kf2 Rc2+ 38.Ke3 Rxg2 39.Be5 h5 40.h3 Rg6 41.h4 R6g4 42.Rad7 Bc6 43.Rc7 Bb5
44.Rb7 Bc4 45.Re8+ Kh7 46.Rbb8 f4+ 47.Ke4 Re2+ 48.Kf3 Re3+ 49.Kf2 Re2+ 50.Kf3 Re3+
51.Kf2 Kg6 52.Re7 Re2+ 53.Kf3 Re3+ 54.Kf2 b5 55.Rh8 Re2+ 56.Kf3 Re3+ 57.Kf2 Re2+
58.Kf3 Rxh4  0-1

[Event "GMA-Open"]
[Site "Belgrade"]
[Date "1988.??.??"]
[Round "?"]
[White "Sokolov, Ivan"]
[Black "Bagirov, Vladimir"]
[Result "1/2-1/2"]
[WhiteElo "2570"]
[BlackElo "2465"]

1.c4 c6 2.Nf3 d5 3.e3 Nf6 4.Nc3 Bg4 5.Qb3 Qb6 6.Ne5 Be6 7.Qc2 Nbd7 8.d4 g6
9.f4 Bf5 10.Bd3 e6 11.O-O Be7 12.c5 Qc7 13.b4 O-O 14.b5 Nxe5 15.fxe5 Bxd3
16.Qxd3 Nh5 17.e4 f5 18.exf6 Rxf6 19.Rxf6 Bxf6 20.e5 Be7 21.bxc6 Qxc6 22.Bh6 b6
23.cxb6 axb6 24.Nb5 Qd7 25.Rf1 Ng7 26.g4 Rf8 27.a4 Rxf1+ 28.Kxf1 Qc6 29.Ke2 Ne8
30.Bd2 Nc7 31.Nxc7 Qxc7 32.Qb5 Kf7 33.Kd1 Bd8 34.Qf1+ Ke8 35.Qb5+  1/2-1/2

[Event "Belgrade (Women)"]
[Site "Belgrade"]
[Date "1988.??.??"]
[Round "3"]
[White "Petek Medic, Mirjana"]
[Black "Micic, Snezana"]
[Result "1-0"]
[WhiteElo "2300"]
[BlackElo "2080"]

1.c4 c6 2.g3 Nf6 3.Bg2 g6 4.Nc3 Bg7 5.e4 d6 6.Nge2 O-O 7.O-O e5 8.b3 a5 9.d4 Re8
10.d5 c5 11.Nb5 Nh5 12.Nec3 Na6 13.a3 Bf8 14.Bd2 Bd7 15.Na4 b6 16.Qe2 Rb8
17.Nb2 Qc8 18.f4 Nc7 19.f5 Nxb5 20.cxb5 Be7 21.a4 Qd8 22.Nc4 Bc8 23.Rf2 Ng7
24.g4 gxf5 25.exf5 f6 26.Raf1 Rf8 27.Bh6 Rf7 28.Be4 Ne8 29.Rg2 Bf8 30.g5 Bxh6
31.gxh6+ Kf8 32.Kh1 Ke7 33.Qh5 Qd7 34.Rg8 Rb7 35.Rfg1 Kd8 36.Rh8 Qe7 37.Rgg8 Bd7
38.Nxd6 Qxd6 39.Qxf7 Qe7 40.Rxh7  1-0

[Event "Berlin Neukoelln"]
[Site "Berlin-West"]
[Date "1988.??.??"]
[Round "?"]
[White "Kosa, Laszlo"]
[Black "Franke, Heribert"]
[Result "1/2-1/2"]
[WhiteElo "2310"]
[BlackElo "2395"]

1.c4 c6 2.Nc3 d5 3.cxd5 cxd5 4.d4 Nf6 5.Nf3 Nc6 6.e3 Bf5 7.Bd3 Bxd3 8.Qxd3 e6
9.O-O Bd6 10.b3 O-O  1/2-1/2

[Event "Berlin Neukoelln"]
[Site "Berlin-West"]
[Date "1988.??.??"]
[Round "?"]
[White "Hausner, Ivan"]
[Black "Hermann, Manfred"]
[Result "1-0"]
[WhiteElo "2425"]
[BlackElo "2385"]

1.c4 c6 2.Nf3 Nf6 3.Nc3 d5 4.e3 e6 5.b3 Nbd7 6.Bb2 Bd6 7.d4 O-O 8.Bd3 Qe7
9.O-O dxc4 10.bxc4 e5 11.Nd2 Re8 12.Qb3 Nf8 13.Nce4 Nxe4 14.Nxe4 exd4 15.exd4 Bc7
16.Rfe1 Bf5 17.g3 Ba5 18.Re3 Bxe4 19.Bxe4 Qd7 20.d5 cxd5 21.Bxd5 Bb6 22.Qc3 Qg4
23.c5 Bc7 24.Bxb7 Rxe3 25.Qxe3 Rd8 26.Bf3 Qb4 27.Bc3 Qc4 28.Be2 Qd5 29.Rd1 Qxa2
30.Ra1 Qd5 31.Rxa7 Ne6 32.Bg4 Bb8 33.Bxe6 Qd1+ 34.Kg2 Bxa7 35.Qe5  1-0

[Event "BCF-ch"]
[Site "Blackpool"]
[Date "1988.??.??"]
[Round "?"]
[White "Murshed, Niaz"]
[Black "Flear, Glenn C"]
[Result "0-1"]
[WhiteElo "2475"]
[BlackElo "2470"]

1.c4 c6 2.d4 d5 3.Nf3 Nf6 4.Nc3 dxc4 5.a4 Bf5 6.Ne5 e6 7.g3 Bb4 8.Bg2 Be4
9.f3 Bg6 10.O-O c5 11.dxc5 Qc7 12.f4 Qxc5+ 13.Kh1 Nc6 14.Nxc6 bxc6 15.e4 Bxc3
16.bxc3 Bxe4 17.Bxe4 Nxe4 18.Qf3 Qd5 19.Ba3 Nd2 20.Qxd5 cxd5 21.Rf2 Nb3 22.Re1 O-O-O
23.f5 Rhe8 24.g4 e5 25.f6 gxf6 26.Rxf6 Rd7 27.Bd6 e4 28.Bf4 Re6 29.Rxe6 fxe6
30.Kg2 Rf7 31.Rf1 a5 32.h4 Nc5 33.g5 Kd7 34.h5 Ke8 35.h6 Nd3 36.Be3 Rxf1
37.Kxf1 Kf7 38.Ke2 Kg6 39.Bb6 Nb2 40.Bxa5 Nxa4  0-1

[Event "Noviki"]
[Site "Budapest"]
[Date "1988.??.??"]
[Round "?"]
[White "Szilagyi, Peter"]
[Black "Franke, Heribert"]
[Result "1/2-1/2"]
[WhiteElo "2400"]
[BlackElo "2360"]

1.c4 c6 2.Nf3 d5 3.g3 Nf6 4.Bg2 Bf5 5.O-O e6 6.d3 Be7 7.cxd5 exd5 8.Nc3 O-O
9.Nd4 Bg4 10.h3 Bd7 11.e4 Qc8 12.Kh2 c5 13.e5 cxd4 14.exf6 dxc3 15.fxe7 Re8
16.Re1 Nc6 17.bxc3 Rxe7 18.Bxd5 Rxe1 19.Qxe1 Bxh3 20.Bb2 Qd7 21.c4 Be6 22.Qc3 f6
23.Bg2 Rd8 24.Re1 Bf7 25.Re3 Qf5 26.Qe1 h5 27.Re4 Qc5 28.Qe2 b6 29.Rf4 Ne5
30.Bxe5 Qxe5 31.Re4 Qd6 32.d4 Kf8 33.Bf1 Re8 34.Qf3 Bg6 35.Rxe8+ Bxe8 36.Qe3 h4
37.Kg1 hxg3 38.fxg3 Bc6 39.Kf2 Qe7 40.Qf4 g5 41.Qb8+ Be8 42.Be2 Qd7 43.Ke3 Ke7
44.g4 Bg6 45.c5 bxc5 46.dxc5 Qe6+ 47.Kf2 Qe5 48.Qxa7+ Kf8 49.Qa3 Qh2+ 50.Kf1 Qh1+
51.Kf2 Qh2+ 52.Ke1 Qg1+ 53.Kd2 Qd4+ 54.Ke1 Qg1+ 55.Bf1 Qxg4 56.c6+ Ke8 57.Qa8+ Ke7
58.Qa3+ Ke8 59.Qa8+ Ke7 60.Qa3+ Ke8  1/2-1/2

[Event "Calcutta"]
[Site "Calcutta"]
[Date "1988.??.??"]
[Round "?"]
[White "Murugan, Krishnamoorthy"]
[Black "Hernandez, Roman"]
[Result "1/2-1/2"]
[WhiteElo "2325"]
[BlackElo "2445"]

1.c4 c6 2.d4 d5 3.cxd5 cxd5 4.Nf3 Nc6 5.Nc3 Nf6 6.Bf4 Bf5 7.e3 e6 8.Bd3 Bxd3
9.Qxd3 Bd6 10.Bxd6 Qxd6 11.O-O  1/2-1/2

[Event "Caorle op"]
[Site "Caorle"]
[Date "1988.??.??"]
[Round "5"]
[White "Pesco, G."]
[Black "Lagrotteria, Salvatore"]
[Result "1-0"]
[WhiteElo "1900"]
[BlackElo "2045"]

1.c4 c6 2.Nf3 d5 3.b3 Nf6 4.Bb2 Bf5 5.g3 e6 6.Bg2 h6 7.O-O Nbd7 8.d3 Bc5
9.Nbd2 O-O 10.Qc2 Qe7 11.h3 Bh7 12.Ne5 Rac8 13.Ndf3 Nxe5 14.Nxe5 Nh5 15.e3 Rfd8
16.Qe2 Nf6 17.Ng4 Ne8 18.d4 Bd6 19.c5 Bb8 20.b4 f5 21.Nh2 Nf6 22.Nf3 Bg6
23.Nd2 Rf8 24.f4 h5 25.h4 Bc7 26.Nf3 Ne4 27.Kh2 Bd8 28.Ng5 Nxg5 29.hxg5 b6
30.Bf3 e5 31.dxe5 bxc5 32.bxc5 Qxc5 33.Rac1 Qa5 34.Rfd1 Bf7 35.Bxh5 g6 36.Bf3 Be6
37.Kg2 Qxa2 38.Ra1 Qb3 39.Rxa7 Rb8 40.Bd4 Rf7 41.Rda1 Rxa7 42.Rxa7 Bb6 43.Bxb6 Qxb6
44.Ra6 Qc5 45.Qd2 Rb1 46.Be2 Bf7 47.Ra2 d4 48.Ra8+ Kh7 49.Bf3 Qb5 50.Kh3 Rb2
51.Qe1 Qd3 52.g4 fxg4+ 53.Kxg4 Qf5+ 54.Kg3 Rb1 55.Qf2 Kg7 56.Qh2 Bg8 57.Qh6+ Kf7
58.Rf8+ Ke7 59.Rxf5  1-0

[Event "Caorle op"]
[Site "Caorle"]
[Date "1988.??.??"]
[Round "6"]
[White "Raicevic, Ivica"]
[Black "Zorman, Vojko"]
[Result "1-0"]
[WhiteElo "2340"]
[BlackElo "2240"]

1.c4 c6 2.Nc3 d5 3.d4 g6 4.Nf3 Bg7 5.cxd5 cxd5 6.Bf4 Nc6 7.e3 a6 8.Be2 e6
9.Rc1 Nge7 10.O-O O-O 11.Na4 f6 12.Qb3 g5 13.Bg3 Nf5 14.Nb6 Nxg3 15.hxg3 Rb8
16.Ne1 Qd6 17.Nd3 f5 18.Qa3 Qd8 19.Nxc8 Rxc8 20.Nc5 Qe7 21.Nxb7 Qxb7 22.Bxa6 Qb8
23.Bxc8 Rxc8 24.Qa6 Ne7 25.Qxe6+ Kf8 26.Rxc8+ Qxc8 27.Qxc8+ Nxc8 28.Rc1 Ne7
29.a4 Ke8 30.a5 Kd7 31.a6 Nc6 32.Rc5 Bf8 33.Rxd5+ Ke6 34.Rb5  1-0

[Event "Caorle op"]
[Site "Caorle"]
[Date "1988.??.??"]
[Round "6"]
[White "Capelli, G."]
[Black "Pietralunga, Nicola"]
[Result "1-0"]
[WhiteElo "1975"]
[BlackElo "2090"]

1.c4 c6 2.Nf3 d5 3.cxd5 cxd5 4.Nc3 Nf6 5.d3 Nc6 6.Bd2 e6 7.Rc1 Be7 8.e3 Bd7
9.Be2 O-O 10.O-O Rc8 11.Ne1 e5 12.Kh1 Bf5 13.g4 Be6 14.f4 d4 15.exd4 exd4
16.Ne4 Bxa2 17.g5 Nxe4 18.dxe4 f6 19.gxf6 Bxf6 20.b3 d3 21.Bxd3 Nd4 22.Rxc8 Qxc8
23.Bc4+ Kh8 24.Be3 b5 25.Bd5 Qc3 26.Bxd4 Bxd4 27.Nf3 Bb6 28.Ne5 g6 29.Rf3 Qb2
30.Qf1 Bd4 31.Nxg6+ hxg6 32.Qh3+ Kg7 33.Qd7+  1-0

[Event "Capablanca mem-A"]
[Site "Cienfuegos"]
[Date "1988.??.??"]
[Round "?"]
[White "Dorfman, Josif D"]
[Black "Popchev, Milko"]
[Result "0-1"]
[WhiteElo "2520"]
[BlackElo "2470"]

1.c4 c6 2.Nc3 d5 3.d4 e6 4.e3 f5 5.g4 Nf6 6.gxf5 exf5 7.cxd5 Nxd5 8.Nge2 Be6
9.Rg1 g6 10.Bg2 Na6 11.Bd2 Nac7 12.Na4 Qh4 13.h3 f4 14.exf4 O-O-O 15.Nac3 Bf5
16.Nxd5 Nxd5 17.Qb3 Bh6 18.Qf3 Rhe8 19.Kf1 Bxf4 20.Bxf4 Rxe2 21.Qg3 Qxf4
22.Bxd5 Qxg3 23.Rxg3 Rxb2 24.Bf3 Rxd4 25.Bg4 Rf4 26.f3 Kc7 27.Rg2 Bd3+ 28.Kg1 Rxg2+
29.Kxg2 h5 30.Be6 Be2 31.Re1 Bxf3+ 32.Kg3 Re4  0-1

[Event "Copenhagen AS04"]
[Site "Copenhagen"]
[Date "1988.??.??"]
[Round "?"]
[White "Kristiansen, Jens"]
[Black "Bang, Andreas"]
[Result "1-0"]
[WhiteElo "2415"]
[BlackElo "2280"]

1.c4 c6 2.Nf3 d5 3.b3 Bg4 4.Bb2 Nd7 5.e3 Ngf6 6.Be2 e6 7.O-O Bd6 8.h3 h5
9.Nc3 Qc7 10.Rc1 dxc4 11.bxc4 Bxf3 12.Bxf3 g5 13.Ne4 Be5 14.Bxe5 Qxe5 15.d4 Qa5
16.d5 Nxe4 17.Bxe4 Qc7 18.Qd4 e5 19.Qb2 O-O-O 20.dxc6 Nc5 21.cxb7+ Kb8 22.Bf5 g4
23.h4 g3 24.Qc2 Rhg8 25.Rcd1 Qe7 26.Rxd8+ Qxd8 27.fxg3 Rxg3 28.Qc3 f6 29.Kh2 Rg8
30.Qc2 Qc7 31.Qf2 Qf7 32.Rc1 Rd8 33.Qf3 Rd2 34.Qc6 Qc7 35.Qxf6 e4+ 36.Kh1 Rb2
37.Qh8+ Kxb7 38.Qxb2+  1-0

[Event "Copenhagen op"]
[Site "Copenhagen"]
[Date "1988.??.??"]
[Round "?"]
[White "Bern, Ivar"]
[Black "Bergmann, Jesper"]
[Result "1/2-1/2"]
[WhiteElo "2340"]
[BlackElo "2245"]

1.c4 c6 2.Nc3 d5 3.cxd5 cxd5 4.d4 Nf6 5.Bf4 Nc6 6.e3 Bf5 7.Nf3 e6 8.Ne5 Nd7
9.Nxc6 bxc6 10.Be2 Be7 11.O-O O-O 12.Rc1 Qa5 13.a3 Nb6 14.Nb1 Bxb1 15.Rxb1 c5
16.dxc5 Qxc5 17.Be5 Qa5 18.Bd3 Rfe8 19.Bc3 Qa4 20.Bc2 Qd7 21.Qd3 g6  1/2-1/2

[Event "Debrecen"]
[Site "Debrecen"]
[Date "1988.??.??"]
[Round "?"]
[White "Uhlmann, Wolfgang"]
[Black "Haba, Petr"]
[Result "1/2-1/2"]
[WhiteElo "2505"]
[BlackElo "2475"]

1.c4 c6 2.d4 d5 3.Nc3 Nf6 4.Nf3 dxc4 5.a4 Bf5 6.e3 e6 7.a5 Bd3 8.Bxd3 cxd3
9.Qb3 Na6 10.Qxb7 Qc8 11.Qb3 Rb8 12.Qc4 Nb4 13.O-O c5 14.Rd1 Be7 15.dxc5 O-O
16.c6 Qc7 17.Ne1 Rfd8 18.Nxd3 Rxd3 19.Rxd3 Nxd3 20.Qxd3 Qxc6 21.e4 h6 22.h3 Rd8
23.Qf3 Bb4 24.Bxh6 Bxc3 25.bxc3 Nxe4 26.Be3 Qxc3 27.Rc1 Qe5 28.Bf4 Qd5 29.a6 Nf6
30.Qe3 Rd7 31.Be5 Ne4 32.Rc8+ Kh7 33.Rh8+ Kg6 34.Bxg7 Qd1+ 35.Kh2 Qd2 36.Qxe4+ Kxg7
37.Qh7+ Kf6 38.Qh4+ Kg7 39.Qh7+ Kf6 40.Qh6+ Qxh6 41.Rxh6+ Kg7 42.Rh4 Rd2
43.Rg4+ Kh7 44.Rf4 Kg7 45.g4 Ra2 46.g5 Rxa6 47.h4 Ra5 48.Kg3 Rb5 49.Rc4 a5
50.Rc7 Kg6 51.Kg4 Rb4+ 52.f4 f5+ 53.Kf3 a4 54.Re7 Re4 55.Re8 Kf7 56.Ra8 Kg6
57.Ra7 Rb4 58.Ra6 Re4 59.Ra8 Rb4  1/2-1/2

[Event "Delmenhorst"]
[Site "Delmenhorst"]
[Date "1988.??.??"]
[Round "?"]
[White "Wahls, Matthias"]
[Black "Hermann, Manfred"]
[Result "1-0"]
[WhiteElo "2440"]
[BlackElo "2385"]

1.c4 c6 2.e4 d5 3.exd5 cxd5 4.d4 Nf6 5.Nc3 Nc6 6.Nf3 Bg4 7.cxd5 Nxd5 8.Qb3 Bxf3
9.gxf3 Nb6 10.d5 Nd4 11.Qd1 e5 12.dxe6 Qf6 13.exf7+ Kxf7 14.Bg2 Qe6+ 15.Be3 Nf5
16.Qb3 Qxb3 17.axb3 Bb4 18.Ke2 Bxc3 19.bxc3 Nd5 20.Bd2 Rhe8+ 21.Kf1 Rad8
22.Bh3 Nh4 23.Bg5 Nxf3 24.Bxd8 Nf4 25.Bg4 Nd2+ 26.Kg1 Rxd8 27.h4 h5 28.Bd1 Rd6
29.Kh2 Rd3 30.Rxa7 Rxc3 31.Rxb7+ Kf6 32.Rb6+ Kf5 33.Rb5+ Kf6 34.Bxh5 Nxh5
35.Rxh5 Rxb3 36.Kg2 Nf3 37.Rh8 Ne5 38.Rh3 Nd3 39.Rf3+ Kg6 40.Re8 Nc5 41.Rxb3 Nxb3
42.Re5 Nd4 43.Kg3 Nf5+ 44.Kg4 Nh6+ 45.Kf4 Ng8 46.Rg5+ Kf7 47.Rf5+ Kg6 48.h5+ Kh6
49.Rf8 Nf6 50.Rh8+ Nh7 51.Kf5  1-0

[Event "DEN-ch"]
[Site "?"]
[Date "1988.??.??"]
[Round "3"]
[White "Kristiansen, Jens"]
[Black "Jelling, Erik"]
[Result "1/2-1/2"]
[WhiteElo "2435"]
[BlackElo "2350"]

1.c4 c6 2.Nf3 d5 3.b3 Nf6 4.Bb2 Bf5 5.g3 e6 6.Bg2 h6 7.O-O Nbd7 8.d3 Bc5
9.Nc3 a5 10.cxd5 cxd5 11.e4 Bg4 12.exd5 exd5 13.Re1+ Kf8 14.d4 Bb4 15.Qd3 Bxf3
16.Bxf3 g6 17.Re2 Bxc3 18.Bxc3 Qb6 19.Rae1 Kg7 20.Re7 Qc6 21.a4 b6 22.Bd2 Rac8
23.Bf4 Qc3 24.Qxc3 Rxc3 25.Be2 Re8 26.Rxe8 Nxe8 27.Bb5 Nef6 28.Re7 g5 29.Bd6 Nf8
30.Rb7 Rxb3 31.Rxb6 Ne6 32.Be5 Kg6 33.Rd6 Ne4 34.Rxd5 g4 35.Be2 Rb1+ 36.Kg2 Rb2
37.Bd3 Rxf2+ 38.Kg1 Ng5 39.Bxe4+ Nxe4 40.Rxa5 Ra2 41.d5 f6 42.Ra6 Kf5 43.Bf4 Nc3
44.Bxh6 Nxd5 45.a5 Ke4 46.Re6+ Kf5 47.Ra6  1/2-1/2

[Event "DEN-chB"]
[Site "?"]
[Date "1988.??.??"]
[Round "4"]
[White "Hamann, Svend"]
[Black "Kristensen, Bjarke"]
[Result "1-0"]
[WhiteElo "2375"]
[BlackElo "2300"]

1.c4 c6 2.e4 d5 3.exd5 cxd5 4.cxd5 Nf6 5.Nc3 g6 6.Qb3 Bg7 7.Be2 O-O 8.Bf3 Nbd7
9.d4 Nb6 10.Nge2 a5 11.a4 Qd6 12.O-O Qb4 13.Qa2 Bf5 14.b3 Qd6 15.Bf4 Qd7
16.d6 exd6 17.Qd2 Rfe8 18.Ng3 Bg4 19.Bxg4 Qxg4 20.Nb5 Nbd5 21.Bxd6 Qh4 22.Rfe1 Bh6
23.Qd3 Ng4 24.h3 Nxf2 25.Qf3 Nxh3+ 26.gxh3 Be3+ 27.Rxe3 Rxe3 28.Qxd5 Rd8
29.Nf1 Rxh3 30.Ra2 Rd7 31.Rc2 Qg4+ 32.Qg2 Qf5 33.Be5 f6 34.Rf2  1-0

[Event "DEN-chB"]
[Site "?"]
[Date "1988.??.??"]
[Round "6"]
[White "Kroll, Ove"]
[Black "Hamann, Svend"]
[Result "1/2-1/2"]
[WhiteElo "2335"]
[BlackElo "2375"]

1.c4 c6 2.Nc3 d5 3.d4 Nf6 4.cxd5 cxd5 5.Bf4 Nc6 6.e3 Bf5 7.Qb3 Na5 8.Bb5+ Bd7
9.Qa4 Nc6 10.Nf3 e6 11.O-O a6 12.Bxc6 Bxc6 13.Qb3 Bd6 14.Bxd6 Qxd6 15.Ne5 O-O
16.Rac1 Rfc8 17.Rc2 Nd7 18.Nxd7 Bxd7 19.Rfc1 b5 20.Nb1 f6 21.Nd2 Rxc2 22.Rxc2 Rc8
23.Rxc8+ Bxc8 24.Qc3 Bd7 25.a3 Kf7 26.Nb3 e5 27.f3 exd4 28.Qxd4 Qe5 29.Nc5 Bc8
30.Nd3 Qxd4 31.exd4 g5 32.Kf2 Ke6 33.Ke3 Kd6 34.f4 h6 35.fxg5 fxg5 36.Ne5 Ke6
37.Ng4 h5 38.Ne5 Kf5 39.Nc6 Bb7 40.Nd8 Ba8 41.Nf7 Bc6 42.Ne5 Bb7 43.g3 Bc8
44.Kf3 Kf6 45.Nd3 Bg4+ 46.Ke3 Bc8 47.Kd2 Kf5 48.Nf2 a5 49.Ke3 Ba6 50.Nd3 b4
51.Nc5 bxa3 52.bxa3 Bb5 53.Nb7 Kg4 54.Kf2 a4 55.Nc5 h4 56.Kg2 hxg3 57.hxg3 Bc6
58.Nd3 Bb5 59.Ne5+ Kf5 60.Kf3 Bc4 61.Ke3 Bb3 62.g4+ Ke6 63.Kd2 Bc4 64.Kc3 Be2
65.Kb4 Bd1 66.Kb5 Bc2 67.Nf3 Kf6 68.Kc5 Bd1 69.Ne5 Ke6 70.Kb4 Bc2 71.Nf3 Kf6
72.Nh2 Bd1 73.Kc3 Ke6 74.Kd2 Bb3 75.Nf3 Kf6 76.Ne1 Bc4 77.Ng2 Ke6 78.Ne3 Kd6
79.Kc3 Bb3 80.Kb4 Kc6 81.Ka5 Kc7 82.Kb5 Kd6 83.Kb6 Bc4 84.Nf5+ Ke6 85.Kc5 Bb3
86.Ne3 Ba2 87.Kb5  1/2-1/2

[Event "Dordrecht"]
[Site "Dordrecht"]
[Date "1988.??.??"]
[Round "?"]
[White "Van der Sterren, Paul"]
[Black "Piket, Jeroen"]
[Result "1-0"]
[WhiteElo "2470"]
[BlackElo "2470"]

1.c4 c6 2.e4 e5 3.Nf3 d6 4.d4 Nd7 5.Nc3 Ngf6 6.Be2 g6 7.O-O Bg7 8.Re1 O-O
9.Bf1 exd4 10.Nxd4 Ng4 11.h3 Qb6 12.hxg4 Qxd4 13.Be3 Qxd1 14.Raxd1 Ne5 15.g5 Be6
16.c5 dxc5 17.Bxc5 Rfd8 18.f4 Nd7 19.Bd4 Bg4 20.Be2 Bxd4+ 21.Rxd4 Bxe2 22.Nxe2 Nc5
23.Red1 Rxd4 24.Rxd4 Re8 25.e5 Kf8 26.Kf2 Ke7 27.g4 a5 28.Ke3 Rh8 29.f5 h6
30.gxh6 Rxh6 31.Nf4 gxf5 32.gxf5 Rh1 33.Kf3 Rf1+ 34.Kg2 Re1 35.f6+ Ke8 36.Nh5 Ne6
37.Ng7+ Kf8 38.Rh4 Kg8 39.Nf5  1-0

[Event "Edinburgh op"]
[Site "Edinburgh"]
[Date "1988.??.??"]
[Round "2"]
[White "McNab, Colin Anderson"]
[Black "Orr, Mark J L"]
[Result "1/2-1/2"]
[WhiteElo "2420"]
[BlackElo "2345"]

1.c4 c6 2.Nf3 d5 3.b3 Bg4 4.Bb2 Nd7 5.e3 e6 6.Be2 Ngf6 7.O-O Bd6 8.d4 O-O
9.h3 Bh5 10.Nbd2 Qc7 11.Rc1 Rad8 12.a3 Qb8 13.b4 e5 14.cxd5 Nxd5 15.Ne4 Bc7
16.Nxe5 Bxe2 17.Qxe2 Nxe5 18.dxe5 Bxe5 19.Nc5 Bxb2 20.Qxb2 Rfe8 21.Rfd1 Nf6
22.Qc2 h6 23.Qf5 Qc7 24.Rxd8 Rxd8 25.g3 Nd7 26.Nb3 Nf8 27.Nd4 Qd7 28.Qa5 a6
29.a4 Re8 30.Kg2 Ne6 31.Nf3 Rd8 32.Qe5 Qd5 33.Qxd5 Rxd5 34.Rb1 Rd3 35.Ne5 Ra3
36.a5 c5 37.Nd7 c4 38.Nb6 Rb3 39.Rc1 Rxb4 40.Rxc4 Rxc4 41.Nxc4  1/2-1/2

[Event "Eger op"]
[Site "Eger"]
[Date "1988.??.??"]
[Round "?"]
[White "Cvetkovic, Srdjan"]
[Black "Kiss, Pal"]
[Result "1/2-1/2"]
[WhiteElo "2430"]
[BlackElo "2300"]

1.c4 c6 2.Nf3 d5 3.d4 Nf6 4.Nc3 e6 5.Qb3 a6 6.Bg5 Be7 7.g3 b5 8.c5 a5 9.Bg2 Nbd7
10.a3 O-O 11.O-O e5 12.dxe5 Ng4 13.Bxe7 Qxe7 14.e4 d4 15.Nxd4 Qxc5 16.e6 Qxd4
17.exd7 Qxd7 18.Rad1 Qa7 19.e5 Nxe5 20.Rfe1 Ng4 21.Rd2 Rb8 22.Bxc6 Qb6 23.Rd6 Qa7
24.Re2 b4 25.Ne4 Ne5 26.Bd5 Bg4 27.Re3 Qe7 28.axb4 axb4 29.Ra6  1/2-1/2

[Event "Eger op"]
[Site "Eger"]
[Date "1988.??.??"]
[Round "?"]
[White "Ziger, Silvestar"]
[Black "Szabolcsi, Janos"]
[Result "0-1"]
[WhiteElo "2275"]
[BlackElo "2415"]

1.c4 c6 2.Nf3 d5 3.b3 Bg4 4.Bb2 Nd7 5.d3 Bxf3 6.gxf3 e5 7.cxd5 cxd5 8.d4 Bb4+
9.Nd2 Qe7 10.a3 Bd6 11.dxe5 Nxe5 12.e3 Nf6 13.Be2 Nc6 14.O-O h5 15.f4 O-O-O
16.Nf3 Bc7 17.Rc1 Ne4 18.Ne5 Rd6 19.f3 Nf6 20.Bb5 Nd7 21.Bxc6 bxc6 22.Bd4 Nxe5
23.fxe5 Rg6+ 24.Kh1 Bxe5 25.Bc5 Qd7 26.Qd3 Kb7 27.f4 Bb8 28.f5 Rg4 29.Bd4 Qe8
30.Rc5 Qe4+ 31.Qxe4 Rxe4 32.Rfc1 Rc8 33.b4 a6 34.Kg2 Ba7 35.Rxd5 cxd5 36.Rxc8 Bxd4  0-1

[Event "Eindhoven op"]
[Site "Eindhoven"]
[Date "1988.??.??"]
[Round "?"]
[White "De Boer, Gert Jan"]
[Black "Van de Oudeweetering, Arthur"]
[Result "1/2-1/2"]
[WhiteElo "2390"]
[BlackElo "2310"]

1.c4 c6 2.e4 d5 3.exd5 Nf6 4.Nc3 cxd5 5.d4 Nc6 6.Nf3 Bg4 7.Be2 e6 8.c5 Be7
9.O-O O-O 10.Be3 Ne4 11.Rc1 f5 12.Ne5 Nxc3 13.Rxc3 Nxe5 14.dxe5 d4 15.Rd3 Bxe2
16.Qxe2 Bxc5 17.Bxd4 Bxd4 18.Rfd1 Bxf2+ 19.Qxf2 Qa5 20.Rd7 Rad8 21.R7d6 Rde8
22.Qd4 Re7 23.a3 f4 24.Rf1 Rf5 25.g4 Rf8 26.Rxf4 Qe1+ 27.Kg2  1/2-1/2

[Event "Esbjerg-B"]
[Site "Esbjerg"]
[Date "1988.??.??"]
[Round "6"]
[White "Jacobsen, Bo"]
[Black "Rewitz, Poul"]
[Result "1-0"]
[WhiteElo "2290"]
[BlackElo "2245"]

1.c4 c6 2.Nf3 d5 3.g3 Nf6 4.b3 Qb6 5.Qc2 Bg4 6.Bg2 e6 7.O-O Nbd7 8.d3 Bd6
9.Nbd2 O-O 10.Bb2 Rfe8 11.a3 a5 12.Rab1 Qa7 13.Rbc1 h6 14.Qb1 e5 15.h3 Bxf3
16.Bxf3 e4 17.dxe4 dxe4 18.Nxe4 Nxe4 19.Bxe4 Bxg3 20.Rcd1 Nf6 21.Bxf6 gxf6
22.Bh7+ Kh8 23.Qf5 Rxe2 24.Qxf6+ Kxh7 25.Qxf7+ Kh8  1-0

[Event "Forli op"]
[Site "Forli"]
[Date "1988.??.??"]
[Round "?"]
[White "Forintos, Gyozo V"]
[Black "Votruba, Pavel"]
[Result "1-0"]
[WhiteElo "2345"]
[BlackElo "2345"]

1.c4 c6 2.Nf3 d5 3.g3 dxc4 4.Bg2 Nf6 5.a4 e6 6.O-O Nbd7 7.Na3 Bxa3 8.Rxa3 a5
9.Qc2 Nb6 10.b3 cxb3 11.Rxb3 Nbd5 12.Ba3 Nb4 13.Bxb4 axb4 14.Rxb4 O-O 15.Rfb1 Qe7
16.Ne5 Nd5 17.Rh4 g6 18.Nd3 Rd8 19.Qb2 Ra5 20.Rc1 f6 21.Qb3 Kg7 22.Rhc4 Ra8
23.Rc5 Nc7 24.Bh3 Rd4 25.R5c4 Rd8 26.Qb2 Ra5 27.Qc3 Ra8 28.Rb1 Nd5 29.Qc2 Ra5
30.Rc5 Ra7 31.Rc4 Nc7 32.Nc5 Na6 33.Ne4 Ra8 34.d3 f5 35.Qc3+ e5 36.Nd2 Qf6
37.Nf3 Re8 38.Nd2 Rb8 39.Qa5 Be6 40.Rc2 Bf7 41.Bg2 Rec8 42.Rb6 Nc7 43.Qa7 Nd5
44.Rxb7 Ra8 45.Qc5 Kh6  1-0

[Event "Bundesliga 8788"]
[Site "Germany"]
[Date "1988.??.??"]
[Round "?"]
[White "Ribli, Zoltan"]
[Black "Muse, Mladen"]
[Result "1-0"]
[WhiteElo "2595"]
[BlackElo "2415"]

1.c4 c6 2.d4 d5 3.Nc3 Nf6 4.e3 g6 5.Nf3 Bg7 6.Be2 O-O 7.O-O Be6 8.b3 c5 9.Bb2 Nc6
10.dxc5 dxc4 11.bxc4 Nd7 12.Qc1 Nxc5 13.Rd1 Qa5 14.Nd5 Bxb2 15.Qxb2 Rfd8
16.Ng5 Rab8 17.Nxe6 Nxe6 18.h4 Nc7 19.Bf3 Nxd5 20.cxd5 Qb4 21.Qb3 Qxb3 22.axb3 Ne5
23.Rxa7 Nxf3+ 24.gxf3 Rd6 25.Rd4 Rb6 26.b4 Rc8 27.Kg2 Kg7 28.Ra5 Rc2 29.Rc5 Rb2
30.Rc7 Ra6 31.Rxe7 Raa2 32.d6 Rxf2+ 33.Kg3 h6 34.d7  1-0

[Event "Bundesliga 8788"]
[Site "Germany"]
[Date "1988.??.??"]
[Round "?"]
[White "Schlick, Volker"]
[Black "Gscheidlen, Wilfried"]
[Result "1-0"]
[WhiteElo "2290"]
[BlackElo "2205"]

1.c4 c6 2.e4 d5 3.exd5 cxd5 4.cxd5 Nf6 5.Nc3 Nxd5 6.d4 e6 7.Nf3 Bb4 8.Bd2 Nc6
9.Bd3 Be7 10.a3 Nf6 11.Be3 Nd5 12.O-O Nxe3 13.fxe3 O-O 14.b4 a6 15.Rc1 f5
16.Bc4 Kh8 17.e4 b5 18.Ba2 Qb6 19.Kh1 Rd8 20.exf5 exf5 21.Nd5 Qb7 22.Rxc6 Qxc6
23.Nxe7 Qd6 24.Ng5  1-0

[Event "BL2-W8788"]
[Site "Germany"]
[Date "1988.??.??"]
[Round "?"]
[White "Pieper Emden, Carsten"]
[Black "Kreutzkamp, Reinhold"]
[Result "1/2-1/2"]
[WhiteElo "2310"]
[BlackElo "2250"]

1.c4 c6 2.Nf3 d5 3.b3 Nf6 4.Bb2 Bg4 5.Ne5 Bh5 6.g3 e6 7.Bg2 Be7 8.O-O Nbd7
9.Nxd7 Qxd7 10.d3 O-O 11.Nd2 Rfc8 12.Nf3 Qd8 13.Qc2 Nd7 14.Ne5 Nxe5  1/2-1/2